Balance hídrico superficial del Paraguay : (Registro nro. 8024)
[ vista simple ]
| 000 -CABECERA | |
|---|---|
| Campo de control interno | 01715nam a2200229Ia 4500 |
| 008 - ELEMENTOS DE LONGITUD FIJA - INFORMACIÓN GENERAL | |
| Campo de control de longitud fija | 260220t1992||||xx |||||||||||||| ||spa|| |
| 040 ## - FUENTE DE CATALOGACIÓN | |
| Agencia de catalogación original | PY-SlUNAC |
| Idioma de catalogación | spa |
| Convenciones de descripción | rda |
| 041 ## - CÓDIGO DE IDIOMA | |
| Código de idioma para texto/pista de sonido o título separado | spa |
| 082 ## - NÚMERO DE CLASIFICACIÓN DECIMAL DEWEY | |
| Clasificación Decimal Dewey (CDD) | 551.48 |
| Clasificación Expansiva de Cutter (EC) | D61b |
| 245 #0 - TÍTULO | |
| Título | Balance hídrico superficial del Paraguay : |
| Subtítulo | memoria descriptiva |
| 264 ## - PIE DE IMPRENTA | |
| Lugar | Asunción : |
| Editorial | DINAC, |
| Año | ℗1992. |
| 300 ## - DESCRIPCIÓN FÍSICA | |
| Páginas | 1 volumen |
| 520 ## - NOTA DE RESUMEN | |
| Nota de resumen | El libro "Balance hídrico superficial del Paraguay" es una memoria descriptiva que presenta un análisis exhaustivo de los recursos hídricos del país, resaltando la importancia de la gestión sostenible del agua en la región. A través de una metodología rigurosa, se examinan los componentes del balance hídrico, tales como la precipitación, la evaporación y el escurrimiento superficial, ofreciendo una visión integral de la dinámica hídrica en Paraguay. Se incluye una serie de datos estadísticos y gráficos que ilustran las variaciones estacionales y las tendencias a largo plazo en el uso y disponibilidad del agua. Además, el texto destaca los desafíos que enfrenta el país en términos de contaminación, deforestación y cambio climático, proponiendo estrategias para la conservación y el manejo eficiente de los recursos hídricos. Esta obra es fundamental para investigadores, planificadores y responsables de políticas públicas, ya que proporciona un marco referencial para abordar las cuestiones relacionadas con el agua en el contexto paraguayo. |
| 651 ## - MATERIA - NOMBRE GEOGRÁFICO | |
| Materia - nombre geográfico | Paraguay |
| 653 ## - MATERIA - TÉRMINO TEMÁTICO NO CONTROLADO (PALABRAS CLAVE) | |
| Materia - término temático no controlado (palabras clave) | Gestión del agua |
| 653 ## - MATERIA - TÉRMINO TEMÁTICO NO CONTROLADO (PALABRAS CLAVE) | |
| Materia - término temático no controlado (palabras clave) | Recursos hídricos |
| 942 ## - ELEMENTOS PERSONALIZADOS (KOHA) | |
| Fecha catalogación | 2026/02/17 |
| Tipo de documento | Libros |
| Fuente de Clasificacion | Colección | Ubicacion permanente | Biblioteca actual | Fecha de Ingreso a la Biblioteca | Origen de adquisición | Código de ubicación | Código de barras | Tipo de Item KOHA | Nota pública |
|---|---|---|---|---|---|---|---|---|---|
| Dewey Decimal Classification | Colección General (CG) | Biblioteca e Internet, Facultad de Ciencias Exactas y Naturales | Biblioteca e Internet, Facultad de Ciencias Exactas y Naturales | 02/20/2026 | Donación | 551.48 D61b | CG1384 | Libros | Material disponible en la Biblioteca e Intenet, Campus UNA, San Lorenzo. |


